000 00866cam a2200289 i 4500
001 23227
003 BD-RjUL
005 20211209000915.0
008 140310t1948 e a b 00110 engm
020 _a0833801834 (v. 1)
035 _a(BD-RjUL)23292
040 _aDLC
_cDLC
_dm.c.
_dBOS
_dBD-RjUL
_beng
041 1 _aenglat
082 0 4 _a871
_bOVI 1948
245 1 0 _aOvid :
_cedited by J.C. And M.J. thornton
_bSelected works /
260 _aLondon :
_bDent & sons,
_c1939 [reprinted 1948].
300 _axv, 432 p. ;
_c24 cm.
600 0 0 _aOvid,
_d43 B.C.-17 or 18 A.D.
_971619
600 0 0 _aOvid,
_d43 B.C.-17 or 18 A.D.
_971620
650 0 _aMythology, Classical
_vPoetry.
_971597
700 1 _aC. J.
_971598
700 1 2 _aThornton, M.J.
_971599
942 _2ddc
_cBK
999 _c23227
_d23227